000 00457nam a2200157Ia 4500
008 151021s9999 xx 000 0 und d
020 _a803937229
050 _aWY152 .P47 1991
245 _a_Persectives on Gerontological nursing Elizabeth Murrow Baines
260 _aCalifonia SAGE 1991
300 _axviii,410p.
500 _aIncludes index.
500 _aIncludes index.
650 _a_Geriatric nursing
980 _a^d20130515 04:57:20^oanne
999 _c13350
_d13350